Giorni della settimana in 15 secondi - Statistics

Statistiche generali
  • Questo quiz è stato fatto 789 volte
  • Il punteggio medio è 6 su 7
Statistiche sulle risposte
Giorni % Corretto
Lunedì
100%
Martedì
94%
Mercoledì
90%
Giovedì
86%
Sabato
78%
Venerdì
78%
Domenica
67%
Nessun quiz corrispondente trovato
Distribuzione punteggi
Percentuale di utenti per punteggio
Percentile per numero di risposta
I tuoi punteggi nel tempo
Non hai fatto questo quiz